[Event "Portugal Open 2019"]
[Site "Lisbon"]
[Date "2019.02.04"]
[Round "4.1"]
[White "Iniyan, P."]
[Black "Motylev, Alexander"]
[Result "0-1"]
[WhiteElo "2480"]
[BlackElo "2644"]
[Annotator "TA"]
[PlyCount "66"]
[EventDate "2019.01.25"]
[EventType "swiss"]
[EventCountry "POR"]
[SourceTitle "playchess.com"]
[Source "ChessBase"]
[SourceQuality "1"]

{[%evp 21,66,0,0,-65,-75,-58,-62,-64,-59,-69,-69,-83,-77,-77,-76,-79,-75,-81,-61,-165,-169,-156,-162,-212,-226,-483,-478,-493,-488,-486,-477,-462,-462,-697,-653,-653,-650,-893,-877,-845,-782,-919,-912,-912,-901,-884,-881]} 1. d4 d5 2. c4 c6 3. Nf3 Nf6 4. Nc3 e6 5. Bg5 h6 6. Bxf6 Qxf6 7. e3 g6 8. Bd3 {D43: Semi-Slav: 5 Bg5 h6} (8. Be2 Bg7 9. O-O O-O 10. Rc1 Nd7 11. cxd5 exd5 12. b4 a6 13. a4 Qd6 14. b5 axb5 15. axb5 Nb6 {½-½ (45) Wojtaszek,R (2749)-Vitiugov,N (2709) Shenzhen 2018}) 8... Bg7 9. O-O O-O 10. Ne5 dxc4 11. Bxc4 c5 {LiveBook: 8 Games} 12. Qc2 $146 (12. f4 $11) ({Predecessor:} 12. Qe2 cxd4 13. exd4 Nd7 14. f4 Nb6 15. Bb3 Bd7 {0-1 (32) Timofeev,A (2568)-Maletin,P (2578) Taganrog 2015}) 12... cxd4 $15 13. exd4 Nc6 14. Nxc6 bxc6 15. Rad1 Rd8 16. Ne2 Bb7 17. Bd3 Qe7 18. Be4 Rac8 19. Qa4 Qc7 20. Rd2 (20. Nc1 $15) 20... c5 $19 21. Bxb7 Qxb7 22. Rfd1 cxd4 23. Nxd4 $2 {[#]} (23. h4) 23... Qe4 $1 {Black is clearly winning.} 24. f3 Qe3+ 25. Kf1 {[#]} Rc1 $1 {[%mdl 512]} 26. Rxc1 {Rcd1 is the strong threat.} Bxd4 (26... Qxd2 $2 27. Ne2 $19) 27. Qa5 (27. Qb4 $142 Qg1+ 28. Ke2 Qxg2+ 29. Kd1 Qxf3+ 30. Kc2 Rc8+ 31. Kb1 Qf5+ 32. Rdc2) 27... Qg1+ 28. Ke2 Qxg2+ 29. Kd3 Bb6+ 30. Kc2 Rc8+ ({Worse is} 30... Bxa5 31. Rxg2 Rc8+ 32. Kd1 $14) 31. Kb3 Qxf3+ (31... Bxa5 $2 {too greedy.} 32. Rxc8+ (32. Rxg2 $2 Rxc1 33. Re2 Bc7 $19) 32... Kg7 33. Rxg2 $18) 32. Rc3 Bxa5 33. Rxf3 Bxd2 {Precision: White = 25%, Black = 97%.} 0-1

[Event "Portugal Open 2019"]
[Site "Lisbon"]
[Date "2019.02.04"]
[Round "4.2"]
[White "Iturrizaga Bonelli, Eduardo"]
[Black "Dvirnyy, Danyyil"]
[Result "1-0"]
[WhiteElo "2640"]
[BlackElo "2487"]
[Annotator "TA"]
[PlyCount "89"]
[EventDate "2019.01.25"]
[EventType "swiss"]
[EventCountry "POR"]
[SourceTitle "playchess.com"]
[Source "ChessBase"]
[SourceQuality "1"]

{[%evp 16,89,43,56,45,49,62,75,59,67,104,97,93,92,140,134,179,177,225,238,233,207,208,205,212,216,236,210,200,143,203,149,196,188,276,250,284,225,210,193,248,250,244,229,214,199,191,193,201,167,229,238,258,253,241,194,271,196,201,187,205,181,216,212,295,256,364,369,612,606,595,599,583,597,595,550]} 1. c4 $146 (1. d4 d5 2. Nf3 Nf6 3. c4 e6 4. Nc3 {0-1 (41) Cramling,P (2525)-Gunina,V (2509) Beijing 2013}) ({Predecessor:} 1. d4 d5 2. c4 c6 3. Nc3 Nf6 {½-½ (79) Charochkina,D (2317)-Nechaeva,M (2424) Riadh 2017}) 1... c6 2. Nf3 d5 3. d4 Nf6 4. Nc3 e6 5. Bg5 Nbd7 6. e3 Qa5 7. Nd2 Bb4 (7... h6 8. Bh4 Bb4 {0-1 (41) Cramling,P (2525)-Gunina,V (2509) Beijing 2013}) 8. Qc2 h6 ({Predecessor:} 8... O-O 9. Be2 c5 10. O-O cxd4 11. exd4 h6 {½-½ (79) Charochkina,D (2317)-Nechaeva,M (2424) Riadh 2017}) 9. Bh4 O-O {D52: Queen's Gambit Declined: Cambridge Springs Variation} (9... c5 10. a3 cxd4 11. exd4 O-O 12. Be2 b6 13. O-O Bxc3 14. bxc3 Bb7 15. a4 dxc4 16. Nxc4 Qd5 17. Ne3 {0-1 (41) Cramling,P (2525)-Gunina,V (2509) Beijing 2013}) 10. Be2 c5 11. O-O cxd4 {White is better.} 12. exd4 Re8 ({Predecessor:} 12... Bxc3 13. bxc3 dxc4 14. Nxc4 Qc7 15. Bg3 Qd8 16. Nd6 Nb6 17. c4 Ne8 18. c5 Nd5 19. Rab1 Nxd6 20. Bxd6 {½-½ (79) Charochkina,D (2317)-Nechaeva,M (2424) Riadh 2017}) 13. Nb3 Qd8 14. cxd5 exd5 {[#]} 15. Nxd5 $1 {[%mdl 576] Pin} Bd6 (15... Nxd5 16. Bxd8) 16. f4 Nb6 {[#]} 17. Nxf6+ $1 gxf6 18. Rf3 Bf8 19. Bb5 Bd7 20. Rg3+ Bg7 21. Bxd7 Nxd7 22. Qd1 {And now Qg4 would win.} Kh8 (22... Nf8 $16 23. Qg4 Ne6) 23. Qh5 Qe7 24. h3 Rg8 (24... Rad8 $142 25. Rc3 Nf8) 25. Kh2 Nf8 26. Rf3 Rd8 27. Re1 Qc7 (27... Qd7 $142 28. g4 Rc8) 28. Bg3 $18 Qd7 29. f5 Nh7 30. Rfe3 Bf8 31. h4 Qd5 32. Qf3 h5 (32... a5 $142 33. Rd1 h5 34. Qxd5 Rxd5) 33. Re4 Rc8 34. R1e2 a5 35. Re8 Rd8 (35... Qxf3 $142 36. gxf3 Bb4) 36. Qxd5 Rxd5 37. Rb8 a4 38. Nd2 Rxd4 39. Rxb7 Kg7 40. a3 Bc5 (40... Rd5 $142 41. Ra7 Rxf5 42. Rxa4 Rd5) 41. b4 axb3 $2 (41... Bf8 42. Ra7 Kh8 43. Rxa4 Bh6) 42. Nxb3 {White is clearly winning.} Rd5 43. Nxc5 Rxc5 44. Ree7 Rf8 45. Bd6 {Accuracy: White = 66%, Black = 33%.} 1-0

[Event "Portugal Open 2019"]
[Site "Lisbon"]
[Date "2019.02.04"]
[Round "4.3"]
[White "Korley, Kassa"]
[Black "Hansen, Eric"]
[Result "1/2-1/2"]
[WhiteElo "2426"]
[BlackElo "2615"]
[Annotator "TA"]
[PlyCount "54"]
[EventDate "2019.01.25"]
[EventType "swiss"]
[EventCountry "POR"]
[SourceTitle "playchess.com"]
[Source "ChessBase"]
[SourceQuality "1"]

{[%evp 11,54,-7,8,0,0,0,14,6,18,0,0,0,-2,0,7,7,7,7,7,0,7,-4,0,-9,0,-3,0,0,0,0,0,0,0,0,0,0,0,0,0,0,0,0,6,18,21]} 1. d4 Nf6 2. Nf3 e6 3. c4 d5 4. e3 Be7 5. Nc3 O-O 6. Qc2 a6 {LiveBook: 7 Games. The position is equal. D37: Queen's Gambit Declined: 5 Bf4} (6... b6 7. b3 c5 8. Bb2 Nc6 9. Rd1 Bb7 10. dxc5 bxc5 11. cxd5 exd5 12. Be2 Qa5 13. O-O Rfd8 14. Qf5 Bc8 15. Qb1 {1-0 (29) Gareyev,T (2584)-Nakar,E (2456) Dallas 2018}) 7. cxd5 exd5 8. Bd3 b6 9. O-O Bb7 10. b3 Bd6 11. e4 $146 ({Predecessor:} 11. Bb2 Qe7 12. Rac1 Nbd7 13. Qe2 Rfe8 14. Nd2 Ne4 15. Bxe4 dxe4 16. Nc4 Nf6 17. Rfd1 {0-1 (36) Ozturk,K (2279)-Ahvenjarvi,J (2241) Rhodes 2013}) 11... dxe4 12. Nxe4 Nxe4 13. Bxe4 Bxe4 14. Qxe4 Nd7 15. Bg5 Re8 16. Qc2 Qc8 17. Rfe1 Qb7 18. Bh4 h6 19. Bg3 Nf6 20. Bxd6 cxd6 21. Rxe8+ Rxe8 22. Rc1 Qd5 23. h3 b5 24. Qc6 a5 25. Qxd5 Nxd5 26. Rc6 Re2 27. Rxd6 Nf4 {Precision: White = 71%, Black = 68%.} 1/2-1/2

[Event "Portugal Open 2019"]
[Site "Lisbon"]
[Date "2019.02.04"]
[Round "4.4"]
[White "Campora, Daniel H."]
[Black "Petrov, Nikita"]
[Result "0-1"]
[WhiteElo "2419"]
[BlackElo "2585"]
[Annotator "TA"]
[PlyCount "66"]
[EventDate "2019.01.25"]
[EventType "swiss"]
[EventCountry "POR"]
[SourceTitle "playchess.com"]
[Source "ChessBase"]
[SourceQuality "1"]

{[%evp 19,66,0,0,0,0,-9,0,0,0,8,0,0,20,12,60,54,80,41,78,45,66,56,66,41,46,9,16,0,0,0,67,10,10,10,10,11,12,0,31,0,0,-20,-20,-20,-22,-112,-127,-29989,-29990]} 1. e4 c5 2. Nf3 d6 3. d4 cxd4 4. Nxd4 Nf6 5. Nc3 a6 6. g3 e5 7. Nb3 Be7 $146 ({Predecessor:} 7... b5 8. Bg2 Nbd7 9. O-O Be7 10. Re1 {½-½ (52) Campora,D (2417)-Grigoryan,K (2557) Seville 2019}) 8. Bg2 O-O 9. O-O b5 10. Re1 Nbd7 11. Bd2 {B91: Sicilian Najdorf: 6 g3} Nb6 12. Na5 Bg4 13. Nc6 {The position is equal.} ({Predecessor:} 13. Qc1 Rc8 14. a4 Bd7 15. axb5 axb5 16. Nd5 Nfxd5 17. exd5 f5 18. Nc6 Bxc6 19. dxc6 {½-½ (52) Campora,D (2417)-Grigoryan,K (2557) Seville 2019}) 13... Qd7 14. Nxe7+ Qxe7 15. Qc1 Rac8 16. b3 b4 17. Nd1 d5 18. exd5 Nbxd5 19. Ne3 Nc3 20. a3 a5 21. axb4 axb4 22. Nxg4 Nxg4 23. Bh3 h5 24. Ra5 Rc5 ({Better is} 24... Qd8 $11 25. Bxg4 Qxa5 26. Bxc8 Rxc8) 25. Rxc5 (25. Qa1 $1 $14) 25... Qxc5 $11 26. Bxg4 hxg4 27. Bxc3 Qxc3 $14 {[%mdl 4096] Endgame KQR-KQR} 28. Qd1 Rc8 29. Qe2 (29. Re3 $5 {[%cal Re3c3]} Qb2 30. Re2 $14) 29... Rc5 30. Qe4 f5 $36 {[%mdl 2048] Black has the initiative.} 31. Qa8+ Kh7 32. Re3 (32. Re2 $11) 32... Qxc2 $17 {( -> ...Qd1+)} 33. Kg2 $2 {[%mdl 8192] [#]} (33. Re1 $17) 33... Qd1 {Accuracy: White = 43%, Black = 64%.} 0-1

[Event "Portugal Open 2019"]
[Site "Lisbon"]
[Date "2019.02.04"]
[Round "4.5"]
[White "Bernadskiy, Vitaliy"]
[Black "Bilguun, Sumiya"]
[Result "1/2-1/2"]
[WhiteElo "2570"]
[BlackElo "2471"]
[Annotator "TA"]
[PlyCount "60"]
[EventDate "2019.01.25"]
[EventType "swiss"]
[EventCountry "POR"]
[SourceTitle "playchess.com"]
[Source "ChessBase"]
[SourceQuality "1"]

{[%evp 9,60,35,30,28,30,21,43,38,41,31,40,32,35,30,30,30,45,0,6,0,9,7,17,16,9,10,13,2,7,0,0,0,0,0,0,0,0,0,0,0,0,0,0,0,0,0,0,0,0,0,0,0,0]} 1. e4 c5 2. Nf3 a6 ({Predecessor:} 2... e6 3. Be2 a6 4. O-O Nc6 5. c3 d5 6. exd5 Qxd5 7. Na3 {½-½ (75) Mary,P (2338)-Esteban,F (2352) ICCF email 2008}) 3. c3 d5 4. exd5 Qxd5 5. Be2 $146 (5. d4 Bg4 6. dxc5 Qxc5 7. Be3 Qc7 8. Nbd2 Nf6 9. h3 Bh5 10. Qa4+ Nc6 11. Nd4 Rc8 12. Nxc6 Qxc6 13. Qxc6+ Rxc6 {½-½ (42) Anand,V (2782)-Artemiev,V (2691) Riadh 2017}) 5... Nf6 6. O-O {B28: Sicilian: 2 Nf3 a6 (O'Kelly Variation)} e6 7. Na3 Nc6 8. Nc4 {White is slightly better.} Qd8 9. d4 cxd4 10. Nxd4 Nxd4 11. Qxd4 Qxd4 12. cxd4 Bd7 13. Bf4 Nd5 {The position is equal.} 14. Bg3 Be7 15. Bf3 Bb5 16. Bxd5 exd5 17. Nb6 {[%mdl 64] [#] Double Attack} Bxf1 18. Nxa8 Kd7 19. Rc1 {Black must now prevent Nb6+.} Rxa8 20. Rc7+ Kd8 {[#] aiming for ...Bb5.} 21. Kxf1 $11 {[%mdl 4096] Endgame KRB-KRB} b5 22. Rc6 Kd7 23. Rc7+ Kd8 24. Ke2 Rc8 25. Ra7 Rc2+ 26. Kd3 Rxb2 27. Rxa6 Kd7 28. Kc3 Re2 29. Ra5 Ke6 30. a3 Ra2 {Accuracy: White = 65%, Black = 88%.} 1/2-1/2

[Event "Portugal Open 2019"]
[Site "Lisbon"]
[Date "2019.02.04"]
[Round "4.6"]
[White "Rajesh, V A V"]
[Black "Xu, Xiangyu"]
[Result "0-1"]
[WhiteElo "2406"]
[BlackElo "2565"]
[Annotator "TA"]
[PlyCount "66"]
[EventDate "2019.01.25"]
[EventType "swiss"]
[EventCountry "POR"]
[SourceTitle "playchess.com"]
[Source "ChessBase"]
[SourceQuality "1"]

{[%evp 19,66,27,27,-3,0,0,0,0,0,0,23,0,14,0,8,0,0,-16,17,0,0,-64,-64,-70,-49,-48,-61,-121,-122,-131,-114,-300,-302,-296,-260,-278,-275,-346,-325,-390,-351,-543,-542,-536,-519,-496,-478,-548,-523]} 1. d4 e6 $146 (1... Nf6 2. c4 e6 3. Nf3 d5 4. Nc3 Nbd7 5. e3 Be7 6. b3 O-O 7. Bb2 b6 8. cxd5 exd5 9. Bd3 Bb7 {1-0 (38) Riazantsev,A (2650)-Kuzubov,Y (2699) Riadh 2017}) ({Predecessor:} 1... d5 2. Nf3 Nf6 3. e3 b6 4. c4 e6 5. Nc3 {0-1 (48) Nguyen,T (2321)-Wang,J (2362) Ashkhabad 2017}) 2. c4 b6 3. Nc3 Bb7 4. e3 Nf6 5. Nf3 d5 6. cxd5 exd5 7. Bd3 Be7 8. O-O O-O 9. b3 Nbd7 ({Predecessor:} 9... Re8 10. Bb2 {0-1 (48) Nguyen,T (2321)-Wang,J (2362) Ashkhabad 2017}) 10. Bb2 Re8 11. Qe2 {E14: Queen's Indian: Classical Variation (4 e3)} (11. Ne5 a6 12. f4 Nf8 13. g4 Ne4 14. Nxe4 dxe4 15. Bc4 Bd5 16. a4 c6 17. g5 b5 18. axb5 cxb5 19. Bxd5 Qxd5 {1-0 (38) Riazantsev,A (2650)-Kuzubov,Y (2699) Riadh 2017}) ({Predecessor:} 11. Rc1 a6 {0-1 (48) Nguyen,T (2321)-Wang,J (2362) Ashkhabad 2017}) 11... a6 12. Rac1 Bd6 13. Rfd1 {The position is equal.} Nf8 ({Predecessor:} 13... Qe7 14. Nh4 g6 15. Nf3 Ne4 16. Qc2 Rac8 17. Ne2 Ndf6 18. Ng3 h5 {0-1 (48) Nguyen,T (2321)-Wang,J (2362) Ashkhabad 2017}) 14. a3 Ng6 15. Bf5 Ne7 16. Bb1 Ng6 {[%cal Be7g6,Bg6h4,Bh4f3][%mdl 32]} 17. Bf5 Qe7 18. b4 Ne4 19. Nxe4 dxe4 20. Nd2 ({White should play} 20. Ne5 $1 $11) 20... Nh4 $36 {[%mdl 2048] White is under pressure.} 21. Bh3 Qg5 {aiming for ...Bc8.} 22. Qg4 Qh6 {Strongly threatening ...Bc8.} 23. d5 ({Better is} 23. g3 $1 $15 Bc8 24. Qxh4 Qxh4 25. gxh4 Bxh3 26. Kh1) 23... f5 $17 ({Much weaker is} 23... Bxd5 $6 24. Bxg7 Qxg7 25. Qxh4 $11) 24. Qe2 b5 $1 ({But not} 24... Bxd5 25. g3 $15) 25. g3 $2 (25. Kh1 $17) 25... Nf3+ $1 $19 26. Nxf3 exf3 27. Qf1 {[#]} Bc8 $1 28. Rd4 {[#]} g5 $1 29. e4 g4 30. exf5 (30. Bxg4 $142 fxg4 31. Re1) 30... Qxh3 {Black is clearly winning.} 31. Qxh3 gxh3 32. Rg4+ Kf8 33. Rh4 Bxf5 {Accuracy: White = 29%, Black = 74%.} 0-1

[Event "Portugal Open 2019"]
[Site "Lisbon"]
[Date "2019.02.04"]
[Round "4.7"]
[White "David, Alberto"]
[Black "Yankelevich, Lev"]
[Result "1/2-1/2"]
[WhiteElo "2560"]
[BlackElo "2445"]
[Annotator "TA"]
[PlyCount "28"]
[EventDate "2019.01.25"]
[EventType "swiss"]
[EventCountry "POR"]
[SourceTitle "playchess.com"]
[Source "ChessBase"]
[SourceQuality "1"]

{[%evp 18,28,0,-8,19,0,2,-68,33,0,58,55,68]} 1. e4 e5 2. Bc4 Nf6 3. d3 Nc6 4. Nf3 Bc5 5. O-O d6 6. c3 a6 7. Bb3 Ba7 8. h3 {C54: Giuoco Piano: 4 c3 Nf6, main lines with 5 d4 and 5 d3} h6 9. Re1 g5 10. Nh2 {LiveBook: 14 Games. The position is equal.} Be6 $146 ({Predecessor:} 10... g4 11. hxg4 Rg8 12. g5 hxg5 13. Be3 g4 14. Bxa7 Nxa7 15. Nd2 Nh7 {0-1 (37) Yudin,S (2507)-Petrov,N (2593) St Petersburg 2018}) 11. Bxe6 fxe6 12. b4 {[#]} (12. a4 $11) 12... Ne7 (12... Nxb4 $1 $15 {[%mdl 512]} 13. Nf1 (13. cxb4 Bd4 $17) 13... Nc6) 13. d4 Ng6 (13... Nc6 $11) 14. Be3 $14 O-O 1/2-1/2

[Event "Portugal Open 2019"]
[Site "Lisbon"]
[Date "2019.02.04"]
[Round "4.8"]
[White "Kadric, Denis"]
[Black "Alshameary Puente, Ismael"]
[Result "1-0"]
[WhiteElo "2545"]
[BlackElo "2418"]
[Annotator "TA"]
[PlyCount "65"]
[EventDate "2019.01.25"]
[EventType "swiss"]
[EventCountry "POR"]
[SourceTitle "playchess.com"]
[Source "ChessBase"]
[SourceQuality "1"]

{[%evp 14,65,-8,-14,10,5,5,9,16,4,14,4,6,4,4,0,11,-16,9,8,11,0,0,0,60,43,55,18,22,32,136,125,148,145,155,134,173,162,174,184,196,180,378,368,598,590,562,507,489,483,589,531,743,668]} 1. e4 e5 ({Predecessor:} 1... e6 2. d3 d5 3. Nd2 Nf6 4. Ngf3 Nc6 5. c3 a5 6. Be2 dxe4 7. dxe4 e5 8. O-O Bc5 9. h3 O-O {1-0 (32) Montanes Arribas,A (2017)-Sanchez Garcia,A (2132) Madrid 2008}) 2. Nf3 Nc6 3. c3 $146 (3. Be2 Nf6 4. d3 d5 5. Nbd2 Be7 {½-½ (44) Durarbayli,V (2624)-Naroditsky,D (2601) Saint Louis 2014}) 3... Nf6 4. d3 d5 5. Nbd2 Be7 6. Be2 O-O (6... a5 7. O-O {½-½ (44) Durarbayli,V (2624)-Naroditsky,D (2601) Saint Louis 2014}) 7. O-O a5 8. Re1 dxe4 {C44: Ponziani Opening and Scotch Gambit} (8... Re8 9. b3 Bc5 10. Bb2 dxe4 11. dxe4 Qe7 12. h3 Nh5 13. Bf1 Qf6 14. a3 Bxh3 15. gxh3 Qg6+ 16. Kh1 Bxf2 {½-½ (44) Durarbayli,V (2624)-Naroditsky,D (2601) Saint Louis 2014}) 9. dxe4 Bc5 10. h3 h6 {The position is equal.} 11. Qc2 ({Predecessor:} 11. a4 Qe7 12. Bf1 b6 13. Qc2 Bb7 14. Nc4 Nd7 15. Be3 Ba6 16. Bxc5 Qxc5 {1-0 (32) Montanes Arribas,A (2017)-Sanchez Garcia,A (2132) Madrid 2008}) 11... Be6 12. Nc4 {[%cal Bd2c4,Bc4e3,Be3f5][%mdl 32]} Qe7 13. Ne3 Rfd8 14. b3 Nh5 15. Bf1 Nf4 16. Nf5 Qf6 17. g3 $36 {[%mdl 2048] White has good play.} Ng6 18. Nh2 {[#] Threatens to win with Ng4.} Bxf5 (18... Nge7 $11) 19. exf5 $14 {Black must now prevent Ng4.} Nge7 20. Bd3 Rxd3 $1 21. Qxd3 Rd8 (21... Nxf5 $14 22. Qd5 Qe7) 22. Qc4 $16 Bb6 23. Ng4 Qxf5 {[#]} 24. Bxh6 $1 {[%mdl 512]} Bxf2+ (24... gxh6 25. Nxh6+) 25. Nxf2 gxh6 26. Rad1 Rxd1 27. Rxd1 Ng6 $2 (27... h5 28. g4 hxg4) 28. Rf1 $18 Qf3 $2 (28... Qe6 29. Qxe6 fxe6) 29. Ne4 {White is clearly winning.} Qe3+ 30. Kh2 Nd8 31. Qxc7 Qd3 32. Rf2 {Nd6 is the strong threat.} Nf8 33. Nf6+ {Accuracy: White = 72%, Black = 46%.} 1-0

[Event "Portugal Open 2019"]
[Site "Lisbon"]
[Date "2019.02.04"]
[Round "4.9"]
[White "Jakubowski, Krzysztof"]
[Black "Kaasen, Tor Fredrik"]
[Result "1/2-1/2"]
[WhiteElo "2514"]
[BlackElo "2387"]
[Annotator "TA"]
[PlyCount "88"]
[EventDate "2019.01.25"]
[EventType "swiss"]
[EventCountry "POR"]
[SourceTitle "playchess.com"]
[Source "ChessBase"]
[SourceQuality "1"]

{[%evp 15,88,2,0,-13,-14,-18,16,0,4,0,-7,-18,-23,-17,-17,-26,-26,-57,-43,-48,-40,-76,-70,-74,-55,-60,-61,-66,-67,-79,-72,-95,-40,-68,-33,-103,-102,-114,-94,-99,-48,-74,0,-98,0,0,0,0,0,0,0,0,0,0,6,0,17,15,17,15,18,10,19,17,18,22,19,0,33,45,39,0,0,0,36]} 1. Nf3 $146 (1. e4 c5 {1-0 (29) Amonatov,F (2614)-Sarana,A (2618) St Petersburg 2018}) ({Predecessor:} 1. e4 c5 {1-0 (67) Kristiansen,E-De Koster,F Gausdal 2008}) 1... c5 2. e4 d6 3. d4 cxd4 4. Nxd4 Nf6 5. Nc3 a6 6. f4 ({Predecessor:} 6. Be2 e6 7. O-O Be7 8. Bd3 Nbd7 9. Kh1 Qc7 10. f4 Nc5 11. Nf3 e5 12. fxe5 {1-0 (67) Kristiansen,E-De Koster,F Gausdal 2008}) 6... e5 7. Nf3 Qc7 8. Bd3 Be7 9. fxe5 {B93: Sicilian Najdorf: 6 f4} (9. Qe2 Nbd7 10. g4 exf4 11. Bxf4 Ne5 12. g5 Nh5 13. Nd5 Qd8 14. Bxe5 dxe5 15. Nxe5 Nf4 16. Qf3 Nxd3+ 17. cxd3 {1-0 (29) Amonatov,F (2614)-Sarana,A (2618) St Petersburg 2018}) 9... dxe5 10. O-O Nbd7 11. Kh1 Nc5 12. Qe1 ({Predecessor:} 12. Ng5 b5 13. Nd5 Qd6 14. Nxf6+ Bxf6 15. Bxb5+ {1-0 (67) Kristiansen,E-De Koster,F Gausdal 2008}) 12... O-O 13. Bg5 Be6 14. Nh4 Nxd3 15. cxd3 Ne8 16. Qg3 Bxg5 17. Qxg5 f6 $36 {[%mdl 2048] Black fights for an advantage.} 18. Qg3 Rd8 19. Nf5 Bxf5 20. Rxf5 Qd6 21. Rf3 Nc7 22. Raf1 b5 23. h4 b4 (23... Kh8 $17) 24. Ne2 Kh8 25. b3 (25. h5 $15) 25... Ne6 $17 26. Qg4 Qd7 27. Rc1 Rc8 (27... Rf7 $17 28. Qf5 Qd6) 28. Rff1 Rcd8 ({Better is} 28... Rxc1 $17 29. Rxc1 h6) 29. Rfd1 (29. Rf3 $1 $11 {remains equal.}) 29... Nd4 (29... a5 $17) 30. Qxd7 $11 Rxd7 31. Nxd4 Rxd4 {[%mdl 4096] Endgame KRR-KRR} 32. Kg1 Kg8 33. Kf2 Rfd8 34. Ke3 R8d6 35. g4 Kf7 36. h5 Ke7 37. Rc8 Rd8 38. Rxd8 Kxd8 {KR-KR} 39. Rc1 Kd7 40. Rc5 Rd6 41. g5 Ke6 42. Rc7 Rd7 $1 {[%cal Rd7c7]} 43. Rc6+ Rd6 44. Rc7 Rd7 $1 {Accuracy: White = 61%, Black = 59%.} 1/2-1/2

[Event "Portugal Open 2019"]
[Site "Lisbon"]
[Date "2019.02.04"]
[Round "4.10"]
[White "Shailesh, Dravid"]
[Black "Stefansson, Hannes"]
[Result "0-1"]
[WhiteElo "2324"]
[BlackElo "2514"]
[Annotator "TA"]
[PlyCount "82"]
[EventDate "2019.01.25"]
[EventType "swiss"]
[EventCountry "POR"]
[SourceTitle "playchess.com"]
[Source "ChessBase"]
[SourceQuality "1"]

{[%evp 17,82,31,43,8,16,0,0,9,20,-11,-4,-6,30,-7,66,67,59,89,68,-117,27,27,21,18,22,12,7,-22,-12,-13,-12,-108,-104,-110,-108,-118,-121,-144,-146,-189,-167,-189,-196,-161,-184,-196,-195,-412,-412,-413,-420,-426,-434,-395,-382,-357,-247,-694,-694,-694,-689,-949,-873,-5485,-5485,-4929,-4929]} 1. e4 e5 2. Nf3 Nc6 3. Bb5 a6 4. Ba4 Nf6 5. O-O b5 6. Bb3 Bc5 7. c3 $146 (7. a4 Rb8 8. c3 d6 9. d4 {0-1 (33) Yu,Y (2759)-Svidler,P (2753) Shenzhen 2018}) ({Predecessor:} 7. a4 Rb8 8. c3 d6 9. d4 {1-0 (59) Rohit,G (2470)-Larsen,K (2307) Copenhagen 2007}) 7... d6 8. d4 Bb6 9. a4 {[%cal Ba2a4,Ba4a5][%mdl 32]} Rb8 10. a5 {C78: Ruy Lopez: Archangelsk and Möller Defences} Ba7 $1 11. h3 O-O 12. Be3 {The position is equal.} (12. Re1 Bb7 13. Be3 exd4 14. cxd4 Ne7 15. Nbd2 Bxe4 16. Nxe4 Nxe4 17. Qc2 d5 {0-1 (33) Yu,Y (2759)-Svidler,P (2753) Shenzhen 2018}) 12... Ra8 13. Bg5 h6 14. Bh4 Re8 ({Predecessor:} 14... Qe7 15. Re1 Bb7 16. Bd5 Rab8 17. Na3 g5 {1-0 (59) Rohit,G (2470)-Larsen,K (2307) Copenhagen 2007}) 15. Re1 g5 (15... exd4 $11 16. cxd4 g5) 16. Nxg5 $14 hxg5 17. Bxg5 {Strongly threatening Re3.} exd4 {Threatens to win with ...Be6.} 18. Qf3 $2 (18. Bd5 $1 $14 {is the one way to stay ahead.} Re5 19. Bh4) 18... Ne5 (18... Kg7 $17 19. Bd5 (19. e5 $2 Nxe5 20. Qxa8 Nf3+ {[%mdl 64] Discovered Attack} 21. Qxf3 Rxe1+ 22. Kh2 Qe7 $17) 19... Ne5 20. Bxf6+ Qxf6 21. Qxf6+ Kxf6 22. Bxa8 Bxh3 23. gxh3 Nf3+ 24. Kf1 Nxe1) 19. Qxf6 $11 Qxf6 20. Bxf6 Nd3 21. Rf1 Bb7 22. cxd4 Rxe4 23. Bc2 Re6 $36 {[%mdl 2048] Hoping for ...Nb4. Black has the initiative.} 24. Bg5 (24. Ra3 $11 {remains equal.}) 24... Nxb2 $17 25. Bf5 Bxd4 26. Bxe6 fxe6 27. Be3 Bg7 28. Nd2 c5 29. f4 c4 30. f5 exf5 31. Rxf5 {[#]} Re8 $1 {[%cal Re8e3]} 32. Ba7 $2 (32. Nf1 {is a better defense.}) 32... Re2 $19 33. Nf3 Nd3 34. Rg5 {[#]} Bxf3 $1 35. gxf3 Kf7 36. Rd1 Be5 37. Rg2 $2 (37. Rg4) 37... Rxg2+ {Black is clearly winning.} 38. Kxg2 b4 {[%cal Bb5b4,Bb4b3][%mdl 32]} 39. Kf1 b3 {And now ...c3 would win.} 40. Ke2 Nf4+ 41. Ke3 c3 {Accuracy: White = 26%, Black = 62%.} 0-1